Statistics for 9 Times Table Game

Click here to take the quiz!

General Stats

  • This quiz has been taken 1,481 times
    (1,088 since last reset)
  • The average score is 12 of 12

Answer Stats

ProblemAnswer% Correct
9 x 218
99%
9 x 327
99%
9 x 436
99%
9 x 545
99%
9 x 654
99%
9 x 19
99%
9 x 763
98%
9 x 872
98%
9 x 981
98%
9 x 1090
98%
9 x 1199
97%
9 x 12108
96%

Score Distribution

Percentile by Number Answered

Percent of People with Each Score

Your Score History

You have not taken this quiz since the last reset